000 00586nab a2200157Ia 4500
003 ES-SlBCS
005 20210601144447.0
008 140529s2007 xxu||||| |||| 00| 0 spa d
041 _aspa
100 1 _aAguado-Orea, Javier
_9300845
245 0 0 _aAspectos teóricos y metodológicos de la investigación sobre el aprendizaje léxico y gramatical del español como L
_c Javier Aguado-Orea, Marta Baralo
650 0 4 _aMetodología de la Investigación
_9220531
773 0 _tRevista de Educacion
_gnº. 343, 2007, págs. 113-132
_wRev360
700 1 _aBaralo, Marta
_9300846
942 _cAR
999 _c708938
_d708938